Mitigation of GNSS multipath by the use of dual-polarisation observations (Record no. 115327)

MARC details
000 -LEADER
fixed length control field 01060cad a22002415a 4500
001 - CONTROL NUMBER
control field L158465
008 - FIXED-LENGTH DATA ELEMENTS--GENERAL INFORMATION
fixed length control field 131031s2014 xxk f f 001 0 eng d
035 ## - SYSTEM CONTROL NUMBER
System control number (Sirsi) u158465
041 0# - LANGUAGE CODE
Language code of text/sound track or separate title eng
110 2# - MAIN ENTRY--CORPORATE NAME
Corporate name or jurisdiction name as entry element Royal Institution of Chartered Surveyors
9 (RLIN) 4900
245 00 - TITLE STATEMENT
Title Mitigation of GNSS multipath by the use of dual-polarisation observations
Medium [electronic resource]
260 ## - PUBLICATION, DISTRIBUTION, ETC.
Place of publication, distribution, etc. London
Name of publisher, distributor, etc. RICS
Date of publication, distribution, etc. 2014
490 #0 - SERIES STATEMENT
Series statement RICS Research
520 ## - SUMMARY, ETC.
Summary, etc. Research into how Global Navigation Satellite Systems (GNSS) will allow surveyors to produce more accurate and reliable measurements in less time and dual-polarisation measurements can improve scientific applications of multipath sensing.
650 24 - SUBJECT ADDED ENTRY--TOPICAL TERM
Topical term or geographic name entry element GNSS
650 24 - SUBJECT ADDED ENTRY--TOPICAL TERM
Topical term or geographic name entry element MULTIPATH
650 24 - SUBJECT ADDED ENTRY--TOPICAL TERM
Topical term or geographic name entry element DUAL-POLARISATION SURVEYING
651 #4 - SUBJECT ADDED ENTRY--GEOGRAPHIC NAME
Geographic name International
690 ## - LOCAL SUBJECT ADDED ENTRY--TOPICAL TERM (OCLC, RLIN)
Topical term or geographic name as entry element SURVEYING
710 1# - ADDED ENTRY--CORPORATE NAME
Corporate name or jurisdiction name as entry element University of Newcastle Upon Tyne
9 (RLIN) 527
856 40 - ELECTRONIC LOCATION AND ACCESS
Uniform Resource Identifier <a href="https://www.propertyresearchtrust.org/uploads/1/3/4/8/134819607/mitigation_of_gnss_multipath.pdf">https://www.propertyresearchtrust.org/uploads/1/3/4/8/134819607/mitigation_of_gnss_multipath.pdf</a>
Public note Available from the Property Research Trust
942 ## - ADDED ENTRY ELEMENTS (KOHA)
Suppress in OPAC 0
Source of classification or shelving scheme Dewey Decimal Classification
Holdings
Withdrawn status Lost status Damaged status Not for loan Home library Current library Shelving location Date acquired Total Checkouts Full call number Barcode Date last seen Copy number Price effective from Koha item type
        Virtual Virtual Online 10/03/2015   SCAN 158465-2001 02/02/2024 1 06/08/2019 Online material